| 000 | 00497nam a22001697a 4500 | ||
|---|---|---|---|
| 003 | NUST | ||
| 038 | _aMr. Zahoor | ||
| 082 | _a510 | ||
| 100 |
_aAli, Irfan _94917 |
||
| 245 |
_aBifurcation Analysis and Chaos Control in Discrete-Time Non-Linear Dynamical Systems _cIrfan Ali |
||
| 260 |
_aIslamabad : _bSNS - NUST, _c2018. |
||
| 300 |
_aviii, 72 p. : ill. ; _c30 cm. |
||
| 500 | _aHardcover. | ||
| 650 |
_aMathematics - MS Thesis _916139 |
||
| 700 |
_aDr. Umer Saeed _916161 |
||
| 942 |
_2ddc _cTHE |
||
| 999 |
_c525337 _d525337 |
||